[Event "Stay Safe Play From Home 342"]
[Site "Emanuel Lasker Arena"]
[Date "2020.07.29"]
[Round "6"]
[White "Haris kollari 13"]
[Black "Don59as"]
[Result "1-0"]
[WhiteElo "1873"]
[BlackElo "2018"]
[Annotator "NA"]
[PlyCount "121"]
[EventDate "2020.07.29"]
[EventType "swiss (blitz)"]

1. e4 {[%emt 0:00:01]} e5 {[%emt 0:00:01]} 2. Nf3 {[%emt 0:00:01]} Nc6 {[%emt 0:00:01]} 3. Bb5 {[%emt 0:00:01]} f5 {[%emt 0:00:01]} 4. Qe2 {[%emt 0:00:01]} Qe7 {[%emt 0:00:01]} 5. Nc3 {[%emt 0:00:04]} Nf6 {[%emt 0:00:01]} 6. O-O {[%emt 0:00:05]} Nd4 {[%emt 0:00:07]} 7. Nxd4 {[%emt 0:00:24]} exd4 {[%emt 0:00:00]} 8. Nd1 {[%emt 0:00:09]} fxe4 {[%emt 0:00:10]} 9. Re1 {[%emt 0:00:01]} c6 {[%emt 0:00:03]} 10. Ba4 {[%emt 0:00:01]} d5 {[%emt 0:00:14]} 11. d3 {[%emt 0:00:06]} Be6 {[%emt 0:00:28]} 12. dxe4 {[%emt 0:00:01]} dxe4 {[%emt 0:00:03]} 13. Bg5 {[%emt 0:00:06]} Bd5 {[%emt 0:00:13]} 14. c4 {[%emt 0:00:15]} d3 {[%emt 0:00:16]} 15. Qe3 {[%emt 0:00:01]} Bxc4 {[%emt 0:00:13]} 16. Bxf6 {[%emt 0:00:02]} gxf6 {[%emt 0:00:02]} 17. Qxe4 {[%emt 0:00:01]} Bd5 {[%emt 0:00:10]} 18. Qe3 {[%emt 0:00:06]} O-O-O {[%emt 0:00:15]} 19. Qxe7 {[%emt 0:00:03]} Bxe7 {[%emt 0:00:02]} 20. Rxe7 {[%emt 0:00:01]} Rhe8 {[%emt 0:00:04]} 21. Rxe8 {[%emt 0:00:01]} Rxe8 {[%emt 0:00:01]} 22. Ne3 {[%emt 0:00:01]} Be4 {[%emt 0:00:09]} 23. Bb3 {[%emt 0:00:07]} Kc7 {[%emt 0:00:06]} 24. Re1 {[%emt 0:00:09]} Bg6 {[%emt 0:00:06]} 25. f3 {[%emt 0:00:04]} d2 {[%emt 0:00:11]} 26. Re2 {[%emt 0:00:01]} Rd8 {[%emt 0:00:20]} 27. Nd1 {[%emt 0:00:04]} b5 {[%emt 0:00:05]} 28. Kf2 {[%emt 0:00:04]} c5 {[%emt 0:00:01]} 29. Re7+ {[%emt 0:00:10]} Kb6 {[%emt 0:00:07]} 30. Ne3 {[%emt 0:00:01]} c4 {[%emt 0:00:04]} 31. Bd1 {[%emt 0:00:01]} a5 {[%emt 0:00:07]} 32. Re6+ {[%emt 0:00:04]} Kc5 {[%emt 0:00:04]} 33. Rxf6 {[%emt 0:00:01]} b4 {[%emt 0:00:03]} 34. Rf4 {[%emt 0:00:03]} Rd4 {[%emt 0:00:05]} 35. Rxd4 {[%emt 0:00:05]} Kxd4 {[%emt 0:00:00]} 36. Ke2 {[%emt 0:00:04]} c3 {[%emt 0:00:02]} 37. bxc3+ {[%emt 0:00:04]} bxc3 {[%emt 0:00:00]} 38. Nc2+ {[%emt 0:00:01]} Kc4 {[%emt 0:00:04]} 39. g4 {[%emt 0:00:03]} Bf7 {[%emt 0:00:13]} 40. h4 {[%emt 0:00:03]} a4 {[%emt 0:00:05]} 41. Ke3 {[%emt 0:00:03]} Kc5 {[%emt 0:00:08]} 42. f4 {[%emt 0:00:02]} Bxa2 {[%emt 0:00:01]} 43. Kd3 {[%emt 0:00:02]} Be6 {[%emt 0:00:05]} 44. Kxc3 {[%emt 0:00:01]} Bb3 {[%emt 0:00:06]} 45. Kxd2 {[%emt 0:00:04]} Kd5 {[%emt 0:00:02]} 46. Bf3+ {[%emt 0:00:05]} Ke6 {[%emt 0:00:02]} 47. Be4 {[%emt 0:00:01]} h6 {[%emt 0:00:01]} 48. h5 {[%emt 0:00:01]} Kf6 {[%emt 0:00:02]} 49. Kc3 {[%emt 0:00:02]} Be6 {[%emt 0:00:01]} 50. Bf3 {[%emt 0:00:04]} Bf7 {[%emt 0:00:04]} 51. Ne3 {[%emt 0:00:05]} a3 {[%emt 0:00:03]} 52. Nc2 {[%emt 0:00:03]} a2 {[%emt 0:00:02]} 53. Kb2 {[%emt 0:00:01]} Ke7 {[%emt 0:00:02]} 54. Nb4 {[%emt 0:00:02]} Kd6 {[%emt 0:00:01]} 55. Nxa2 {[%emt 0:00:01]} Kc5 {[%emt 0:00:00]} 56. Nc3 {[%emt 0:00:04]} Kd4 {[%emt 0:00:01]} 57. Kc2 {[%emt 0:00:01]} Ke3 {[%emt 0:00:00]} 58. Bd5 {[%emt 0:00:04]} Be8 {[%emt 0:00:02]} 59. f5 {[%emt 0:00:02]} Kf4 {[%emt 0:00:00]} 60. f6 {[%emt 0:00:01]} Kxg4 {[%emt 0:00:01]} 61. f7 {[%emt 0:00:01] Time (Lag: Av=0.65s, max=1.3s) '} 1-0

[Event "Stay Safe Play From Home 342"]
[Site "Emanuel Lasker Arena"]
[Date "2020.07.29"]
[Round "6"]
[White "Erdema"]
[Black "Kongle"]
[Result "1-0"]
[WhiteElo "1589"]
[BlackElo "1695"]
[Annotator "NA"]
[PlyCount "83"]
[EventDate "2020.07.29"]
[EventType "swiss (blitz)"]

1. e4 {[%emt 0:00:02]} e5 {[%emt 0:00:08]} 2. Nf3 {[%emt 0:00:02]} Nc6 {[%emt 0:00:03]} 3. Bc4 {[%emt 0:00:01]} Nf6 {[%emt 0:00:03]} 4. Ng5 {[%emt 0:00:02]} d5 {[%emt 0:00:01]} 5. exd5 {[%emt 0:00:02]} Na5 {[%emt 0:00:01]} 6. Bb5+ {[%emt 0:00:03]} c6 {[%emt 0:00:01]} 7. dxc6 {[%emt 0:00:01]} bxc6 {[%emt 0:00:01]} 8. Qf3 {[%emt 0:00:02]} Bd7 {[%emt 0:00:10]} 9. Ba4 {[%emt 0:00:04]} Be7 {[%emt 0:00:06]} 10. O-O {[%emt 0:00:02]} O-O {[%emt 0:00:01]} 11. a3 {[%emt 0:00:01]} h6 {[%emt 0:00:03]} 12. Ne4 {[%emt 0:00:02]} Nxe4 {[%emt 0:00:03]} 13. Qxe4 {[%emt 0:00:02]} f5 {[%emt 0:00:02]} 14. Qxe5 {[%emt 0:00:09]} Bf6 {[%emt 0:00:05]} 15. Qd6 {[%emt 0:00:08]} Re8 {[%emt 0:00:11]} 16. Nc3 {[%emt 0:00:07]} Rb8 {[%emt 0:00:20]} 17. b4 {[%emt 0:00:04]} Nc4 {[%emt 0:00:08]} 18. Bb3 {[%emt 0:00:06]} Be6 {[%emt 0:00:11]} 19. Qxc6 {[%emt 0:00:06]} Rc8 {[%emt 0:00:12]} 20. Qa6 {[%emt 0:00:03]} Kh8 {[%emt 0:00:08]} 21. Re1 {[%emt 0:00:12]} Bf7 {[%emt 0:00:17]} 22. Rxe8+ {[%emt 0:00:23]} Qxe8 {[%emt 0:00:02]} 23. Kf1 {[%emt 0:00:45]} Qd7 {[%emt 0:00:38]} 24. Rb1 {[%emt 0:00:16]} Bxc3 {[%emt 0:00:03]} 25. d3 {[%emt 0:00:24]} Nb6 {[%emt 0:00:15]} 26. Bxf7 {[%emt 0:00:11]} Qxf7 {[%emt 0:00:01]} 27. Be3 {[%emt 0:00:02]} Re8 {[%emt 0:00:09]} 28. Bxb6 {[%emt 0:00:05]} axb6 {[%emt 0:00:01]} 29. Qxb6 {[%emt 0:00:02]} Qe7 {[%emt 0:00:05]} 30. Qe3 {[%emt 0:00:08]} Qd7 {[%emt 0:00:11]} 31. Qf3 {[%emt 0:00:04]} Qd4 {[%emt 0:00:08]} 32. g3 {[%emt 0:00:05]} Qe5 {[%emt 0:00:10]} 33. b5 {[%emt 0:00:05]} g5 {[%emt 0:00:23]} 34. Qh5 {[%emt 0:00:06]} Kg7 {[%emt 0:00:07]} 35. h3 {[%emt 0:00:13]} Re7 {[%emt 0:00:02]} 36. Qf3 {[%emt 0:00:03]} f4 {[%emt 0:00:14]} 37. g4 {[%emt 0:00:06]} Ba5 {[%emt 0:00:06]} 38. b6 {[%emt 0:00:05]} Qc3 {[%emt 0:00:01]} 39. b7 {[%emt 0:00:06]} Qxc2 {[%emt 0:00:04]} 40. Rd1 {[%emt 0:00:17]} Rxb7 {[%emt 0:00:04]} 41. Qxb7+ {[%emt 0:00:03]} Kg6 {[%emt 0:00:01]} 42. Qe4+ {[%emt 0:00:02] Time (Lag: Av=0.94s, max=2.2s)} 1-0

[Event "Stay Safe Play From Home 342"]
[Site "Emanuel Lasker Arena"]
[Date "2020.07.29"]
[Round "6"]
[White "Klasman"]
[Black "Timbre"]
[Result "0-1"]
[WhiteElo "1533"]
[BlackElo "1623"]
[Annotator "NA"]
[PlyCount "48"]
[EventDate "2020.07.29"]
[EventType "swiss (blitz)"]

1. f4 {[%emt 0:00:02]} d5 {[%emt 0:00:16]} 2. Nf3 {[%emt 0:00:04]} c6 {[%emt 0:00:01]} 3. e3 {[%emt 0:00:01]} Bg4 {[%emt 0:00:02]} 4. c4 {[%emt 0:00:02]} e6 {[%emt 0:00:01]} 5. Qb3 {[%emt 0:00:01]} Qc7 {[%emt 0:00:03]} 6. Ne5 {[%emt 0:00:03]} Bf5 {[%emt 0:00:02]} 7. Nc3 {[%emt 0:00:04]} Nd7 {[%emt 0:00:02]} 8. d4 {[%emt 0:00:03]} Nxe5 {[%emt 0:00:02]} 9. fxe5 {[%emt 0:00:02]} f6 {[%emt 0:00:03]} 10. Be2 {[%emt 0:00:07]} fxe5 {[%emt 0:00:02]} 11. O-O {[%emt 0:00:04]} e4 {[%emt 0:00:06]} 12. g4 {[%emt 0:00:05]} Bg6 {[%emt 0:00:06]} 13. Bd2 {[%emt 0:00:04]} Nf6 {[%emt 0:00:02]} 14. g5 {[%emt 0:00:07]} Nd7 {[%emt 0:00:10]} 15. Bg4 {[%emt 0:00:02]} O-O-O {[%emt 0:00:05]} 16. Bxe6 {[%emt 0:00:02]} Kb8 {[%emt 0:00:02]} 17. cxd5 {[%emt 0:00:01]} cxd5 {[%emt 0:00:05]} 18. Bxd5 {[%emt 0:00:06]} Nb6 {[%emt 0:00:02]} 19. Bxe4 {[%emt 0:00:05]} Bxe4 {[%emt 0:00:04]} 20. Nxe4 {[%emt 0:00:01]} Bd6 {[%emt 0:00:02]} 21. Nxd6 {[%emt 0:00:04]} Qxd6 {[%emt 0:00:02]} 22. Rf7 {[%emt 0:00:06]} h6 {[%emt 0:00:03]} 23. Raf1 {[%emt 0:00:04]} hxg5 {[%emt 0:00:03]} 24. Rxg7 {[%emt 0:00:02]} Qxh2# {[%emt 0:00:04] (Lag: Av=0.51s, max=1.1s)} 0-1

[Event "Stay Safe Play From Home 342"]
[Site "Emanuel Lasker Arena"]
[Date "2020.07.29"]
[Round "7"]
[White "Hickey"]
[Black "Haris kollari 13"]
[Result "1-0"]
[WhiteElo "2147"]
[BlackElo "1897"]
[Annotator "NA"]
[PlyCount "101"]
[EventDate "2020.07.29"]
[EventType "swiss (blitz)"]

1. Nf3 {[%emt 0:00:02]} e6 {[%emt 0:00:01]} 2. c4 {[%emt 0:00:01]} b6 {[%emt 0:00:02]} 3. g3 {[%emt 0:00:01]} Bb7 {[%emt 0:00:01]} 4. Bg2 {[%emt 0:00:00]} g6 {[%emt 0:00:01]} 5. O-O {[%emt 0:00:00]} Bg7 {[%emt 0:00:01]} 6. d4 {[%emt 0:00:00]} Nc6 {[%emt 0:00:01]} 7. Nc3 {[%emt 0:00:01]} Nge7 {[%emt 0:00:01]} 8. Bg5 {[%emt 0:00:04]} f6 {[%emt 0:00:01]} 9. Bf4 {[%emt 0:00:02]} g5 {[%emt 0:00:02]} 10. Be3 {[%emt 0:00:03]} h5 {[%emt 0:00:01]} 11. h4 {[%emt 0:00:02]} g4 {[%emt 0:00:07]} 12. Ne1 {[%emt 0:00:01]} Nf5 {[%emt 0:00:05]} 13. Nc2 {[%emt 0:00:16]} Qe7 {[%emt 0:00:04]} 14. d5 {[%emt 0:00:02]} Na5 {[%emt 0:00:09]} 15. Qd3 {[%emt 0:00:04]} Nd6 {[%emt 0:00:34]} 16. b3 {[%emt 0:00:13]} O-O-O {[%emt 0:00:04]} 17. Nd4 {[%emt 0:00:10]} e5 {[%emt 0:00:06]} 18. Nf5 {[%emt 0:00:09]} Nxf5 {[%emt 0:00:01]} 19. Qxf5 {[%emt 0:00:00]} Kb8 {[%emt 0:00:01]} 20. Rfc1 {[%emt 0:00:04]} d6 {[%emt 0:00:02]} 21. Qd3 {[%emt 0:00:04]} Rhf8 {[%emt 0:00:04]} 22. b4 {[%emt 0:00:04]} f5 {[%emt 0:00:06]} 23. Bg5 {[%emt 0:00:01]} Bf6 {[%emt 0:00:02]} 24. Bxf6 {[%emt 0:00:00]} Qxf6 {[%emt 0:00:01]} 25. bxa5 {[%emt 0:00:00]} f4 {[%emt 0:00:03]} 26. Ne4 {[%emt 0:00:03]} Qf5 {[%emt 0:00:07]} 27. axb6 {[%emt 0:00:01]} cxb6 {[%emt 0:00:02]} 28. a4 {[%emt 0:00:04]} f3 {[%emt 0:00:01]} 29. exf3 {[%emt 0:00:04]} gxf3 {[%emt 0:00:01]} 30. Bf1 {[%emt 0:00:00]} Rg8 {[%emt 0:00:02]} 31. a5 {[%emt 0:00:03]} Rg4 {[%emt 0:00:06]} 32. Ng5 {[%emt 0:00:07]} e4 {[%emt 0:00:10]} 33. Qe3 {[%emt 0:00:02]} Rg8 {[%emt 0:00:02]} 34. axb6 {[%emt 0:00:02]} a6 {[%emt 0:00:03]} 35. c5 {[%emt 0:00:03]} dxc5 {[%emt 0:00:01]} 36. Rxc5 {[%emt 0:00:03]} Qe5 {[%emt 0:00:10]} 37. Ra2 {[%emt 0:00:34]} Rxg3+ {[%emt 0:00:01]} 38. fxg3 {[%emt 0:00:01]} Qxg3+ {[%emt 0:00:00]} 39. Kh1 {[%emt 0:00:03]} Qxh4+ {[%emt 0:00:07]} 40. Nh3 {[%emt 0:00:04]} Rg3 {[%emt 0:00:13]} 41. Qf4+ {[%emt 0:00:02]} Qxf4 {[%emt 0:00:08]} 42. Nxf4 {[%emt 0:00:00]} e3 {[%emt 0:00:07]} 43. Kh2 {[%emt 0:00:02]} Rg4 {[%emt 0:00:02]} 44. Nh3 {[%emt 0:00:21]} h4 {[%emt 0:00:08]} 45. Ng1 {[%emt 0:00:34]} f2 {[%emt 0:00:13]} 46. Nh3 {[%emt 0:00:01]} Rg3 {[%emt 0:00:06]} 47. Nxf2 {[%emt 0:00:02]} exf2 {[%emt 0:00:06]} 48. Rxf2 {[%emt 0:00:00]} Rg5 {[%emt 0:00:02]} 49. Rf8+ {[%emt 0:00:01]} Bc8 {[%emt 0:00:01]} 50. Rc7 {[%emt 0:00:02]} Rxd5 {[%emt 0:00:07]} 51. Rfxc8# {[%emt 0:00:01] (Lag: Av=0.62s, max=0.9s)} 1-0

[Event "Stay Safe Play From Home 342"]
[Site "Emanuel Lasker Arena"]
[Date "2020.07.29"]
[Round "7"]
[White "Don59as"]
[Black "Ionelluca"]
[Result "1-0"]
[WhiteElo "1995"]
[BlackElo "2003"]
[Annotator "NA"]
[PlyCount "115"]
[EventDate "2020.07.29"]
[EventType "swiss (blitz)"]

1. c4 {[%emt 0:00:03]} c5 {[%emt 0:00:02]} 2. Nc3 {[%emt 0:00:06]} Nc6 {[%emt 0:00:02]} 3. g3 {[%emt 0:00:15]} g6 {[%emt 0:00:01]} 4. Bg2 {[%emt 0:00:01]} Bg7 {[%emt 0:00:01]} 5. e3 {[%emt 0:00:01]} d6 {[%emt 0:00:03]} 6. Nge2 {[%emt 0:00:01]} Bf5 {[%emt 0:00:07]} 7. d4 {[%emt 0:00:03]} cxd4 {[%emt 0:00:12]} 8. Nxd4 {[%emt 0:00:00]} Nxd4 {[%emt 0:00:05]} 9. exd4 {[%emt 0:00:05]} Qb6 {[%emt 0:00:02]} 10. d5 {[%emt 0:00:47]} Rc8 {[%emt 0:00:12]} 11. O-O {[%emt 0:00:11]} Nf6 {[%emt 0:00:07]} 12. Be3 {[%emt 0:00:19]} Qxb2 {[%emt 0:00:17]} 13. Nb5 {[%emt 0:00:23]} O-O {[%emt 0:00:37]} 14. Nd4 {[%emt 0:00:20]} Bg4 {[%emt 0:00:27]} 15. Qa4 {[%emt 0:00:21]} Bd7 {[%emt 0:00:12]} 16. Qd1 {[%emt 0:00:19]} Ng4 {[%emt 0:00:30]} 17. Rb1 {[%emt 0:00:07]} Qxa2 {[%emt 0:00:07]} 18. Rxb7 {[%emt 0:00:04]} Nxe3 {[%emt 0:00:03]} 19. fxe3 {[%emt 0:00:02]} Bxd4 {[%emt 0:00:27]} 20. Qxd4 {[%emt 0:00:16]} Rxc4 {[%emt 0:00:03]} 21. Qxa7 {[%emt 0:00:07]} Qxa7 {[%emt 0:00:03]} 22. Rxa7 {[%emt 0:00:01]} Bb5 {[%emt 0:00:04]} 23. Rxe7 {[%emt 0:00:07]} Rc3 {[%emt 0:00:03]} 24. Rb1 {[%emt 0:00:05]} Bd3 {[%emt 0:00:04]} 25. Ra1 {[%emt 0:00:03]} g5 {[%emt 0:00:08]} 26. h4 {[%emt 0:00:02]} gxh4 {[%emt 0:00:02]} 27. gxh4 {[%emt 0:00:00]} Bg6 {[%emt 0:00:01]} 28. Bf3 {[%emt 0:00:03]} h5 {[%emt 0:00:03]} 29. Kf2 {[%emt 0:00:01]} Rfc8 {[%emt 0:00:02]} 30. Be4 {[%emt 0:00:03]} Kg7 {[%emt 0:00:09]} 31. Bxg6 {[%emt 0:00:01]} Kxg6 {[%emt 0:00:01]} 32. Rd7 {[%emt 0:00:01]} Rc2+ {[%emt 0:00:06]} 33. Kf3 {[%emt 0:00:01]} Rh2 {[%emt 0:00:01]} 34. Rxd6+ {[%emt 0:00:01]} f6 {[%emt 0:00:02]} 35. Raa6 {[%emt 0:00:01]} Rf8 {[%emt 0:00:03]} 36. Kg3 {[%emt 0:00:02]} Re2 {[%emt 0:00:03]} 37. Kf4 {[%emt 0:00:01]} Rf2+ {[%emt 0:00:01]} 38. Kg3 {[%emt 0:00:01]} Re2 {[%emt 0:00:01]} 39. Kf3 {[%emt 0:00:01]} Rh2 {[%emt 0:00:01]} 40. e4 {[%emt 0:00:02]} Rh3+ {[%emt 0:00:04]} 41. Kg2 {[%emt 0:00:01]} Re3 {[%emt 0:00:01]} 42. Re6 {[%emt 0:00:01]} Kg7 {[%emt 0:00:02]} 43. Ra7+ {[%emt 0:00:02]} Kg6 {[%emt 0:00:01]} 44. Raa6 {[%emt 0:00:01]} Kg7 {[%emt 0:00:01]} 45. Kf2 {[%emt 0:00:02]} Rh3 {[%emt 0:00:02]} 46. e5 {[%emt 0:00:02]} Rxh4 {[%emt 0:00:02]} 47. exf6+ {[%emt 0:00:03]} Kf7 {[%emt 0:00:03]} 48. Re7+ {[%emt 0:00:01]} Kg6 {[%emt 0:00:01]} 49. Rg7+ {[%emt 0:00:01]} Kh6 {[%emt 0:00:01]} 50. Rg3 {[%emt 0:00:02]} Rf4+ {[%emt 0:00:01]} 51. Rf3 {[%emt 0:00:00]} Rxf3+ {[%emt 0:00:01]} 52. Kxf3 {[%emt 0:00:00]} Kg6 {[%emt 0:00:01]} 53. Ke4 {[%emt 0:00:01]} Rxf6 {[%emt 0:00:01]} 54. Ra8 {[%emt 0:00:00]} Rf7 {[%emt 0:00:01]} 55. d6 {[%emt 0:00:01]} h4 {[%emt 0:00:00]} 56. Ke5 {[%emt 0:00:01]} h3 {[%emt 0:00:01]} 57. Rg8+ {[%emt 0:00:01]} Rg7 {[%emt 0:00:01]} 58. Rxg7+ {[%emt 0:00:01] Time (Lag: Av=0.61s, max=1.4s)} 1-0

[Event "Stay Safe Play From Home 342"]
[Site "Emanuel Lasker Arena"]
[Date "2020.07.29"]
[Round "7"]
[White "Greblha"]
[Black "Erdema"]
[Result "0-1"]
[WhiteElo "1976"]
[BlackElo "1611"]
[Annotator "NA"]
[PlyCount "58"]
[EventDate "2020.07.29"]
[EventType "swiss (blitz)"]

1. e4 {[%emt 0:00:01]} e5 {[%emt 0:00:02]} 2. Nf3 {[%emt 0:00:02]} Nc6 {[%emt 0:00:01]} 3. Bb5 {[%emt 0:00:01]} a6 {[%emt 0:00:02]} 4. Ba4 {[%emt 0:00:01]} Bc5 {[%emt 0:00:02]} 5. c3 {[%emt 0:00:01]} d6 {[%emt 0:00:02]} 6. d3 {[%emt 0:00:01]} h6 {[%emt 0:00:02]} 7. Nbd2 {[%emt 0:00:01]} Nf6 {[%emt 0:00:01]} 8. Nf1 {[%emt 0:00:01]} O-O {[%emt 0:00:02]} 9. Be3 {[%emt 0:00:01]} Bxe3 {[%emt 0:00:03]} 10. Nxe3 {[%emt 0:00:01]} b5 {[%emt 0:00:03]} 11. Bb3 {[%emt 0:00:01]} Rb8 {[%emt 0:00:01]} 12. O-O {[%emt 0:00:01]} Be6 {[%emt 0:00:02]} 13. Bxe6 {[%emt 0:00:06]} fxe6 {[%emt 0:00:02]} 14. Nh4 {[%emt 0:00:03]} Qe8 {[%emt 0:00:06]} 15. g3 {[%emt 0:00:02]} d5 {[%emt 0:00:06]} 16. f3 {[%emt 0:00:14]} d4 {[%emt 0:00:05]} 17. Nc2 {[%emt 0:00:07]} Rd8 {[%emt 0:00:04]} 18. Qe2 {[%emt 0:00:02]} a5 {[%emt 0:00:08]} 19. a4 {[%emt 0:00:01]} bxa4 {[%emt 0:00:08]} 20. Rxa4 {[%emt 0:00:08]} dxc3 {[%emt 0:00:04]} 21. bxc3 {[%emt 0:00:09]} Rd6 {[%emt 0:00:25]} 22. Rc4 {[%emt 0:00:15]} Ne7 {[%emt 0:00:07]} 23. Rxc7 {[%emt 0:00:06]} Qd8 {[%emt 0:00:05]} 24. Rb7 {[%emt 0:00:11]} Rxd3 {[%emt 0:00:08]} 25. Ne3 {[%emt 0:00:25]} Rxc3 {[%emt 0:00:05]} 26. Rd1 {[%emt 0:00:11]} Rxe3 {[%emt 0:00:15]} 27. Qxe3 {[%emt 0:00:28]} Qxd1+ {[%emt 0:00:03]} 28. Kg2 {[%emt 0:00:02]} Ng4 {[%emt 0:00:17]} 29. fxg4 {[%emt 0:00:08]} Qf1# {[%emt 0:00:03] (Lag: Av=0.55s, max=1.1s)} 0-1

[Event "Stay Safe Play From Home 342"]
[Site "Emanuel Lasker Arena"]
[Date "2020.07.29"]
[Round "7"]
[White "Kongle"]
[Black "Klasman"]
[Result "1-0"]
[WhiteElo "1673"]
[BlackElo "1520"]
[Annotator "NA"]
[PlyCount "63"]
[EventDate "2020.07.29"]
[EventType "swiss (blitz)"]

1. e4 {[%emt 0:00:02]} f5 {[%emt 0:00:01]} 2. e5 {[%emt 0:00:04]} d6 {[%emt 0:00:02]} 3. f4 {[%emt 0:00:01]} e6 {[%emt 0:00:02]} 4. Nf3 {[%emt 0:00:01]} c5 {[%emt 0:00:03]} 5. d4 {[%emt 0:00:04]} cxd4 {[%emt 0:00:03]} 6. Qxd4 {[%emt 0:00:03]} Nc6 {[%emt 0:00:02]} 7. Bb5 {[%emt 0:00:01]} Qa5+ {[%emt 0:00:03]} 8. Nc3 {[%emt 0:00:01]} Qxb5 {[%emt 0:00:13]} 9. Nxb5 {[%emt 0:00:05]} Nxd4 {[%emt 0:00:02]} 10. Nfxd4 {[%emt 0:00:01]} Kd7 {[%emt 0:00:20]} 11. exd6 {[%emt 0:00:01]} Bxd6 {[%emt 0:00:07]} 12. Nxd6 {[%emt 0:00:03]} Kxd6 {[%emt 0:00:01]} 13. Bd2 {[%emt 0:00:03]} Nf6 {[%emt 0:00:08]} 14. Bb4+ {[%emt 0:00:05]} Kd5 {[%emt 0:00:04]} 15. O-O-O {[%emt 0:00:05]} Kc4 {[%emt 0:00:05]} 16. Ba3 {[%emt 0:00:12]} Kd5 {[%emt 0:00:55]} 17. Nxe6+ {[%emt 0:00:12]} Kxe6 {[%emt 0:00:04]} 18. Rhe1+ {[%emt 0:00:02]} Kf7 {[%emt 0:00:04]} 19. Re7+ {[%emt 0:00:02]} Kg6 {[%emt 0:00:02]} 20. Rd3 {[%emt 0:00:14]} h5 {[%emt 0:00:17]} 21. Rg3+ {[%emt 0:00:04]} Ng4 {[%emt 0:00:14]} 22. h3 {[%emt 0:00:03]} h4 {[%emt 0:00:01]} 23. Rc3 {[%emt 0:00:10]} Nf6 {[%emt 0:00:14]} 24. Rcc7 {[%emt 0:00:03]} Rg8 {[%emt 0:00:07]} 25. c4 {[%emt 0:00:04]} Ne8 {[%emt 0:00:32]} 26. Rc5 {[%emt 0:00:13]} Kf6 {[%emt 0:00:17]} 27. Rce5 {[%emt 0:00:09]} b5 {[%emt 0:00:45]} 28. Rxe8 {[%emt 0:00:15]} Rxe8 {[%emt 0:00:01]} 29. Rxe8 {[%emt 0:00:01]} bxc4 {[%emt 0:00:01]} 30. Rd8 {[%emt 0:00:12]} Bb7 {[%emt 0:00:02]} 31. Rd6+ {[%emt 0:00:01] Time (Lag: Av=0.83s, max=1.8s)} Ke7 32. Rb6+ 1-0

[Event "Stay Safe Play From Home 342"]
[Site "Emanuel Lasker Arena"]
[Date "2020.07.29"]
[Round "7"]
[White "Timbre"]
[Black "Lazieri3"]
[Result "0-1"]
[WhiteElo "1636"]
[BlackElo "2043"]
[PlyCount "40"]
[EventDate "2020.07.29"]
[EventType "swiss (blitz)"]

1. d4 {[%emt 0:00:11]} c6 {[%emt 0:00:00]} 2. Nf3 {[%emt 0:00:02]} d5 {[%emt 0:00:00]} 3. c3 {[%emt 0:00:02]} Nf6 {[%emt 0:00:03]} 4. Bf4 {[%emt 0:00:02]} Bf5 {[%emt 0:00:01]} 5. e3 {[%emt 0:00:01]} e6 {[%emt 0:00:01]} 6. Bd3 {[%emt 0:00:01]} Bxd3 {[%emt 0:00:01]} 7. Qxd3 {[%emt 0:00:02]} Bd6 {[%emt 0:00:00]} 8. Bg3 {[%emt 0:00:03]} Bxg3 {[%emt 0:00:03]} 9. hxg3 {[%emt 0:00:03]} h6 {[%emt 0:00:00]} 10. Nbd2 {[%emt 0:00:02]} O-O {[%emt 0:00:01]} 11. e4 {[%emt 0:00:01]} dxe4 {[%emt 0:00:01]} 12. Nxe4 {[%emt 0:00:01]} Nxe4 {[%emt 0:00:00]} 13. Qxe4 {[%emt 0:00:01]} Qd5 {[%emt 0:00:00]} 14. Qe2 {[%emt 0:00:02]} Nd7 {[%emt 0:00:02]} 15. Kf1 {[%emt 0:00:01]} Rfe8 {[%emt 0:00:02]} 16. Kg1 {[%emt 0:00:01]} e5 {[%emt 0:00:01]} 17. dxe5 {[%emt 0:00:02]} Nxe5 {[%emt 0:00:00]} 18. Nxe5 {[%emt 0:00:02]} Rxe5 {[%emt 0:00:00]} 19. Qg4 {[%emt 0:00:03]} Rae8 {[%emt 0:00:07]} 20. Rxh6 {[%emt 0:00:19]} Re4 {[%emt 0:00:13] Timbre resigns (Lag: Av=0.45s, max=0.8s)} 0-1